[Event "Stuttgart-chA int"]
[Site "Ditzingen"]
[Date "2006.05.28"]
[Round "7"]
[White "Diele, Ralf"]
[Black "Roth, Stefan"]
[Result "0-1"]
[WhiteElo "1952"]
[BlackElo "2049"]
[PlyCount "82"]
[EventDate "2006.05.25"]
[EventType "swiss"]
[EventRounds "7"]
[EventCountry "GER"]
[SourceTitle "EXT 2018"]
[Source "ChessBase"]
[SourceDate "2017.10.13"]
[SourceVersion "1"]
[SourceVersionDate "2017.10.13"]
[SourceQuality "1"]

1. Nf3 c5 2. g3 b6 3. Bg2 Bb7 4. 0-0 g6 5. d4 cxd4 6. Qxd4 Nf6 7. c4 Nc6 8. Qh4 Bg7 9. Bh6 0-0 10. Nc3 Rc8 11. Ng5 Na5 12. b3 Bxg2 13. Kxg2 Nh5 14. Bxg7 Kxg7 15. Rad1 h6 16. Nf3 Nc6 17. Nd4 Nf6 18. f4 Nxd4 19. Rxd4 Rc5 20. g4 Qa8+ 21. Kg1 g5 22. Qg3 Qc6 23. f5 d6 24. e4 Re5 25. Qf3 Qc5 26. Rfd1 Rh8 27. Kg2 h5 28. Qe3 Nxg4 29. Qxg5+ Kf8 30. Kf1 Nxh2+ 31. Ke2 Rg8 32. Qh6+ Ke8 33. Qxh5 Rg2+ 34. Kd3 Ng4 35. Nb5 Nf2+ 36. Ke2 Nxd1+ 37. Kxd1 a6 38. Qh8+ Kd7 39. Qh3 axb5 40. f6+ e6 41. Qd3 Rh5 0-1

[Event "Stuttgart-chA int"]
[Site "Ditzingen"]
[Date "2006.05.26"]
[Round "3"]
[White "Willems, Sebastian"]
[Black "Roth, Stefan"]
[Result "1/2-1/2"]
[WhiteElo "1886"]
[BlackElo "2049"]
[PlyCount "84"]
[EventDate "2006.05.25"]
[EventType "swiss"]
[EventRounds "7"]
[EventCountry "GER"]
[SourceTitle "EXT 2018"]
[Source "ChessBase"]
[SourceDate "2017.10.13"]
[SourceVersion "1"]
[SourceVersionDate "2017.10.13"]
[SourceQuality "1"]

1. c4 Nf6 2. Nc3 c5 3. Nf3 d5 4. cxd5 Nxd5 5. g3 g6 6. Bg2 Bg7 7. 0-0 0-0 8. a3 Nc6 9. Qb3 Nb6 10. d3 Be6 11. Qc2 Rc8 12. Ng5 Nd4 13. Nxe6 Nxc2 14. Nxd8 Nxa1 15. Nxb7 Nb3 16. Be3 Nd4 17. a4 a6 18. a5 Nd7 19. Rd1 Nf5 20. Bf4 Bh6 21. Bxh6 Nxh6 22. Na4 Nf5 23. Rc1 Nd4 24. Kf1 Ne6 25. e3 Rc7 26. Bd5 Rb8 27. Bxe6 fxe6 28. Nbxc5 Nxc5 29. Rxc5 Rxc5 30. Nxc5 Rxb2 31. Nxa6 Ra2 32. Nc5 Kf7 33. a6 e5 34. Kg2 Ra5 35. d4 exd4 36. exd4 e5 37. Nb7 Rxa6 38. dxe5 Ra2 39. Nc5 Ra5 40. Nd7 Rd5 41. Nf6 Rxe5 42. Ng4 Ra5 1/2-1/2

[Event "Stuttgart-chA"]
[Site "Stuttgart"]
[Date "2004.??.??"]
[Round "?"]
[White "Roth, Stefan"]
[Black "Kufleitner, Manfred2"]
[Result "0-1"]
[WhiteElo "2035"]
[BlackElo "1750"]
[PlyCount "114"]
[EventDate "2004.05.20"]
[EventType "swiss"]
[EventRounds "7"]
[EventCountry "GER"]
[SourceTitle "EXT 2007"]
[Source "ChessBase"]
[SourceDate "2006.11.23"]
[SourceVersion "1"]
[SourceVersionDate "2006.11.23"]
[SourceQuality "1"]

1. e4 c5 2. Nf3 d6 3. c4 Nf6 4. Nc3 e5 5. a3 Nc6 6. g3 Nd4 7. Bg2 Bg4 8. h3 Bxf3 9. Bxf3 Nxf3+ 10. Qxf3 Qd7 11. d3 h6 12. b4 b6 13. Qg2 Be7 14. 0-0 a5 15. b5 0-0-0 16. Bd2 Rdf8 17. Na4 Kc7 18. f4 Nh5 19. Kh2 g5 20. Qf3 Ng7 21. Nc3 gxf4 22. gxf4 Ne6 23. Nd5+ Kb7 24. Bc3 Nd4 25. Bxd4 cxd4 26. fxe5 dxe5 27. Nxe7 Qxe7 28. Qf6 Qxf6 29. Rxf6 Rhg8 30. Raf1 h5 31. Rxf7+ Rxf7 32. Rxf7+ Kc8 33. Rf5 h4 34. Rxe5 Rg3 35. Rh5 Rxd3 36. Rxh4 Rxa3 37. e5 Rd3 38. Re4 Kd7 39. e6+ Ke7 40. h4 a4 41. h5 a3 42. h6 a2 43. Re1 Re3 44. Ra1 Rxe6 45. h7 Rh6+ 46. Kg3 Kd6 47. Rxa2 Rxh7 48. Kf3 Kc5 49. Ra6 Re7 50. Kf2 Re3 51. Ra8 Kxc4 52. Rd8 Rb3 53. Ke2 Rb2+ 54. Kd1 Rxb5 55. Kc2 Rd5 56. Rc8+ Rc5 57. Rd8 b5 0-1

[Event "Hohenloher op 10th"]
[Site "Forchtenberg"]
[Date "2003.06.21"]
[Round "6"]
[White "Roth, Stefan"]
[Black "Frommherz, Albert"]
[Result "1/2-1/2"]
[WhiteElo "2046"]
[BlackElo "1710"]
[PlyCount "82"]
[EventDate "2003.06.19"]
[EventType "swiss"]
[EventRounds "7"]
[EventCountry "GER"]
[SourceTitle "EXT 2004"]
[Source "ChessBase"]
[SourceDate "2003.11.25"]
[SourceVersion "1"]
[SourceVersionDate "2003.11.25"]
[SourceQuality "1"]

1. e4 c5 2. Nf3 Nc6 3. c4 g6 4. d4 cxd4 5. Nxd4 Bg7 6. Be3 Nf6 7. Nc3 Ng4 8. Qxg4 Nxd4 9. Qd1 Ne6 10. Be2 Bxc3+ 11. bxc3 Qa5 12. Qd2 d6 13. 0-0 Bd7 14. f4 Bc6 15. Bd3 Nc5 16. Kh1 Rg8 17. Bxc5 Qxc5 18. Rae1 f6 19. e5 dxe5 20. fxe5 f5 21. Rf4 0-0-0 22. Qe2 e6 23. Rd1 Rd7 24. Rd4 Rgd8 25. Rxd7 Rxd7 26. Bc2 Rxd1+ 27. Bxd1 Be4 28. Ba4 Qxe5 29. Qd2 Bd3 30. h3 Qe2 31. Qh6 Qe1+ 32. Kh2 Qe5+ 33. Kh1 Qe1+ 34. Kh2 Qe5+ 35. Kh1 Qh8 36. Qe3 Be4 37. Qxa7 Qxc3 38. Qc5+ Kb8 39. Qf8+ Ka7 40. Qc5+ Ka8 41. Qc8+ Ka7 1/2-1/2

[Event "Hohenloher op 10th"]
[Site "Forchtenberg"]
[Date "2003.06.20"]
[Round "3"]
[White "Kunz, Konstantin"]
[Black "Roth, Stefan"]
[Result "1/2-1/2"]
[WhiteElo "2236"]
[BlackElo "2046"]
[PlyCount "134"]
[EventDate "2003.06.19"]
[EventType "swiss"]
[EventRounds "7"]
[EventCountry "GER"]
[SourceTitle "EXT 2004"]
[Source "ChessBase"]
[SourceDate "2003.11.25"]
[SourceVersion "1"]
[SourceVersionDate "2003.11.25"]
[SourceQuality "1"]

1. d4 Nf6 2. Nf3 e6 3. Nbd2 c5 4. c3 cxd4 5. cxd4 Nc6 6. a3 b6 7. e4 Be7 8. Bd3 d6 9. b4 Bb7 10. Bb2 a6 11. Qe2 b5 12. 0-0 Qb8 13. Nb3 e5 14. d5 Na7 15. a4 0-0 16. Nfd2 Bc8 17. a5 Bg4 18. f3 Bd7 19. f4 Nc8 20. h3 Be8 21. g3 Nd7 22. Nf3 f6 23. f5 Rf7 24. Bc1 g5 25. fxg6 hxg6 26. Nh2 Rh7 27. h4 Bf8 28. Be3 Bg7 29. Nd2 Ne7 30. Ndf3 Kh8 31. Rac1 Bh6 32. Ng4 Bxe3+ 33. Nxe3 Bf7 34. Rc2 Rg7 35. Rfc1 Ra7 36. Qg2 Rb7 37. Qf2 Rg8 38. Ng5 fxg5 39. Qxf7 Rg7 40. Qe6 Nf8 41. Qf6 gxh4 42. gxh4 Nh7 43. Qf2 Ng8 44. Rc8 Qa7 45. Ng4 Qxf2+ 46. Kxf2 Rgf7+ 47. Ke3 Kg7 48. Rxg8+ Kxg8 49. Nh6+ Kg7 50. Nxf7 Rxf7 51. Rc6 Rf4 52. Rxa6 Rxh4 53. Rxd6 Rh3+ 54. Kd2 Nf6 55. Re6 g5 56. Rxe5 g4 57. Rg5+ Kf7 58. e5 Nxd5 59. Rxg4 Rh2+ 60. Kc1 Ke6 61. Bxb5 Kxe5 62. Bc6 Rh1+ 63. Kd2 Rh2+ 64. Ke1 Nf4 65. a6 Ra2 66. Bb7 Nd3+ 67. Kf1 Ra1+ 1/2-1/2

[Event "Hohenloher op 10th"]
[Site "Forchtenberg"]
[Date "2003.06.19"]
[Round "1"]
[White "Gabriel, Alexander"]
[Black "Roth, Stefan"]
[Result "1/2-1/2"]
[WhiteElo "1397"]
[BlackElo "2046"]
[PlyCount "115"]
[EventDate "2003.06.19"]
[EventType "swiss"]
[EventRounds "7"]
[EventCountry "GER"]
[SourceTitle "EXT 2004"]
[Source "ChessBase"]
[SourceDate "2003.11.25"]
[SourceVersion "1"]
[SourceVersionDate "2003.11.25"]
[SourceQuality "1"]

1. c4 c5 2. g3 Nf6 3. Bg2 Nc6 4. Nc3 g6 5. e4 Bg7 6. Nge2 d6 7. 0-0 0-0 8. d3 Bd7 9. Bg5 h6 10. Be3 Qc8 11. f4 Ng4 12. Bd2 f5 13. Rb1 h5 14. Nd5 e6 15. Ne3 Nb4 16. Nxg4 hxg4 17. Bxb4 cxb4 18. Qb3 Qc5+ 19. Kh1 a5 20. a3 Kf7 21. axb4 axb4 22. Qd1 Rh8 23. d4 Qxc4 24. Rc1 Qb5 25. exf5 gxf5 26. Rc7 d5 27. Rc5 Qb6 28. Qd3 Rh5 29. Rf2 Ra1+ 30. Rf1 Rxf1+ 31. Bxf1 Bf8 32. Rc2 Bb5 33. Qe3 Bg7 34. Rd2 Rh8 35. Kg2 Rc8 36. b3 Bxe2 37. Bxe2 Rc3 38. Rd3 Rxd3 39. Qxd3 Bxd4 40. Qb5 Qxb5 41. Bxb5 Kf6 42. h4 e5 43. h5 e4 44. Kf1 Bc5 45. Bd7 d4 46. h6 Bf8 47. h7 Bg7 48. Ke2 b6 49. Bc8 d3+ 50. Kd2 Kg6 51. Ke3 Bb2 52. Kd2 b5 53. Bd7 Bd4 54. Bc8 Bc3+ 55. Ke3 d2 56. Ke2 e3 57. Bd7 Bh8 58. Bc8 1/2-1/2

[Event "Nord West Cup 3rd"]
[Site "Oldenburg"]
[Date "2001.02.04"]
[Round "7"]
[White "Hurrle, Juergen"]
[Black "Roth, Stefan"]
[Result "0-1"]
[WhiteElo "1823"]
[BlackElo "2062"]
[PlyCount "78"]
[EventDate "2001.02.01"]
[EventType "swiss"]
[EventRounds "7"]
[EventCountry "GER"]
[SourceTitle "EXT 2010"]
[Source "ChessBase"]
[SourceDate "2010.11.25"]
[SourceVersion "1"]
[SourceVersionDate "2010.11.25"]
[SourceQuality "1"]

1. e4 g6 2. d4 Bg7 3. Nf3 c6 4. c4 d5 5. cxd5 cxd5 6. e5 Nc6 7. Be2 Bg4 8. Nbd2 e6 9. 0-0 h5 10. Nb3 Nh6 11. Bd2 Nf5 12. Bc3 Bf8 13. Ne1 Bxe2 14. Qxe2 g5 15. Nd3 a5 16. a4 Qb6 17. Ndc1 Be7 18. Rd1 g4 19. Qb5 Qc7 20. Ne2 Ra6 21. Nd2 Rb6 22. Qd3 h4 23. Nf1 f6 24. Rac1 Qd7 25. Nf4 fxe5 26. Ng6 e4 27. Qd2 Rg8 28. Nxe7 Qxe7 29. Bxa5 Rb3 30. Bc3 g3 31. h3 Nfxd4 32. Bxd4 Rd3 33. Qe2 Nxd4 34. Qh5+ Kd7 35. Rxd3 exd3 36. Kh1 gxf2 37. Qe5 Nc6 38. Qe3 Qg5 39. Rd1 Qxg2# 0-1

[Event "Bad Harzburg op 1st"]
[Site "Bad Harzburg"]
[Date "1999.11.27"]
[Round "5"]
[White "Roth, Stefan"]
[Black "Toth, Hans Juergen"]
[Result "1-0"]
[WhiteElo "2105"]
[BlackElo "1560"]
[PlyCount "99"]
[EventDate "1999.11.24"]
[EventType "swiss"]
[EventRounds "7"]
[EventCountry "GER"]
[SourceTitle "EXT 2023"]
[Source "ChessBase"]
[SourceDate "2022.10.05"]
[SourceVersion "1"]
[SourceVersionDate "2022.10.05"]
[SourceQuality "1"]

1. e4 e6 2. d4 d5 3. e5 c5 4. Nf3 Nc6 5. Bd3 cxd4 6. 0-0 g6 7. a3 a5 8. Re1 Nge7 9. Bg5 Bg7 10. Qd2 Qc7 11. Bf6 Bxf6 12. exf6 Ng8 13. Qg5 Qb6 14. Nbd2 a4 15. Qxd5 Nxf6 16. Qg5 Qd8 17. Nc4 0-0 18. Rad1 Kg7 19. c3 Nh5 20. Qc5 Nf4 21. Be4 Qe7 22. Qxe7 Nxe7 23. Nxd4 Nfd5 24. Nd6 f5 25. Nxc8 Rfxc8 26. Nxe6+ Kf6 27. Bxd5 Nxd5 28. Rxd5 Re8 29. Rd6 Ra6 30. Rxa6 bxa6 31. f4 Rxe6 32. Rxe6+ Kxe6 33. Kf2 Kd5 34. Ke3 Kc4 35. Kd2 Kb3 36. Kc1 Kc4 37. Kc2 h6 38. g3 g5 39. h4 gxh4 40. gxh4 h5 41. Kd2 Kd5 42. Kd3 Kc5 43. c4 Kd6 44. Kd4 Kc6 45. c5 Kd7 46. Kd5 Kc7 47. c6 Kd8 48. Ke6 Kc7 49. Kxf5 Kxc6 50. Ke6 1-0

[Event "Bad Harzburg op 1st"]
[Site "Bad Harzburg"]
[Date "1999.11.24"]
[Round "1"]
[White "Roth, Stefan"]
[Black "Strate, Gerda"]
[Result "1-0"]
[WhiteElo "2105"]
[BlackElo "1550"]
[PlyCount "55"]
[EventDate "1999.11.24"]
[EventType "swiss"]
[EventRounds "7"]
[EventCountry "GER"]
[SourceTitle "EXT 2023"]
[Source "ChessBase"]
[SourceDate "2022.10.05"]
[SourceVersion "1"]
[SourceVersionDate "2022.10.05"]
[SourceQuality "1"]

1. e4 e5 2. Nc3 Nf6 3. f4 d6 4. Nf3 Nc6 5. Bb5 exf4 6. d4 Bd7 7. Bxf4 a6 8. Bc4 h6 9. 0-0 Bg4 10. Qd2 Qd7 11. Rae1 0-0-0 12. d5 Nb8 13. e5 Bxf3 14. exf6 Bg4 15. Be3 gxf6 16. Bd4 Rg8 17. Ne4 Be7 18. Bxf6 Rg6 19. Bxe7 Qxe7 20. Nf6 Qf8 21. Bd3 Rg5 22. Nxg4 Qg7 23. Bf5+ Nd7 24. Bxd7+ Rxd7 25. Re8+ Rd8 26. Qe2 Rxg4 27. Qe7 Qg5 28. Rxd8# 1-0